[Event "Berlin-ch Seniors op 37th"]
[Site "Berlin"]
[Date "2021.06.16"]
[Round "9"]
[White "Mueller, Johannes1111"]
[Black "Hohn, August"]
[Result "0-1"]
[WhiteElo "1757"]
[BlackElo "1819"]
[PlyCount "72"]
[EventDate "2021.06.08"]
[EventType "swiss"]
[EventRounds "9"]
[EventCountry "GER"]
[SourceTitle "EXT 2022"]
[Source "ChessBase"]
[SourceDate "2021.10.06"]
[SourceVersion "1"]
[SourceVersionDate "2021.10.06"]
[SourceQuality "1"]

1. d4 d5 2. f4 Bf5 3. Nf3 c6 4. e3 e6 5. Be2 Nd7 6. 0-0 Ngf6 7. b3 Ne4 8. Bb2 Qa5 9. Qe1 Qxe1 10. Nxe1 Ndf6 11. a3 h5 12. Nf3 Ng4 13. Bc1 Be7 14. h3 Ng3 15. Re1 Nxe2+ 16. Rxe2 Nf6 17. c4 Bd3 18. Rb2 Be4 19. Nc3 b6 20. Nxe4 Nxe4 21. Nd2 Ng3 22. Kf2 Nf5 23. Nf3 Bf6 24. Bd2 Nd6 25. Bb4 c5 26. dxc5 Ne4+ 27. Ke2 Bxb2 28. Rb1 bxc5 29. Rxb2 cxb4 30. axb4 0-0 31. Kd3 Rab8 32. b5 dxc4+ 33. Kxe4 Rxb5 34. Nd4 f5+ 35. Kf3 Rb6 36. e4 cxb3 0-1

[Event "Berlin-ch Seniors op 37th"]
[Site "Berlin"]
[Date "2021.06.10"]
[Round "3"]
[White "Hohn, August"]
[Black "Theilig, Reinhard"]
[Result "1-0"]
[WhiteElo "1819"]
[BlackElo "1582"]
[PlyCount "42"]
[EventDate "2021.06.08"]
[EventType "swiss"]
[EventRounds "9"]
[EventCountry "GER"]
[SourceTitle "EXT 2022"]
[Source "ChessBase"]
[SourceDate "2021.10.06"]
[SourceVersion "1"]
[SourceVersionDate "2021.10.06"]
[SourceQuality "1"]

1. c4 Nf6 2. Nc3 d6 3. g3 g6 4. Bg2 c6 5. Nf3 Bg7 6. 0-0 0-0 7. d4 Nbd7 8. b3 Rb8 9. Bb2 c5 10. dxc5 Nxc5 11. Nd4 Bd7 12. Rc1 a6 13. Qd2 e5 14. Nc2 Bc6 15. Rfd1 Bxg2 16. Kxg2 Nce4 17. Nxe4 Nxe4 18. Qd5 Nc5 19. Qxd6 Qxd6 20. Rxd6 b5 21. cxb5 axb5 1-0

[Event "Berlin-ch Seniors op 37th"]
[Site "Berlin"]
[Date "2021.06.09"]
[Round "2"]
[White "Heinig, Wolfram"]
[Black "Hohn, August"]
[Result "1-0"]
[WhiteElo "2232"]
[BlackElo "1819"]
[PlyCount "43"]
[EventDate "2021.06.08"]
[EventType "swiss"]
[EventRounds "9"]
[EventCountry "GER"]
[SourceTitle "EXT 2022"]
[Source "ChessBase"]
[SourceDate "2021.10.06"]
[SourceVersion "1"]
[SourceVersionDate "2021.10.06"]
[SourceQuality "1"]

1. d4 d5 2. c4 Nf6 3. cxd5 Nxd5 4. e4 Nf6 5. Nc3 e6 6. Nf3 Be7 7. Bd3 c6 8. 0-0 Nbd7 9. Qe2 Qc7 10. h3 b6 11. Bg5 Bb7 12. e5 Nd5 13. Nxd5 cxd5 14. Bxe7 Kxe7 15. Rac1 Qd8 16. Qd2 Kf8 17. Rc2 a5 18. Rfc1 Rc8 19. Rxc8 Bxc8 20. Qc3 Ke7 21. Qa3+ Ke8 22. Qd6 1-0

[Event "Berlin-ch Seniors op 37th"]
[Site "Berlin"]
[Date "2021.06.08"]
[Round "1"]
[White "Hohn, August"]
[Black "Schoenfeld, Anke"]
[Result "1-0"]
[WhiteElo "1819"]
[BlackElo "1570"]
[PlyCount "95"]
[EventDate "2021.06.08"]
[EventType "swiss"]
[EventRounds "9"]
[EventCountry "GER"]
[SourceTitle "EXT 2022"]
[Source "ChessBase"]
[SourceDate "2021.10.06"]
[SourceVersion "1"]
[SourceVersionDate "2021.10.06"]
[SourceQuality "1"]

1. c4 Nf6 2. Nc3 c6 3. d4 d5 4. e3 Nbd7 5. Nf3 Qc7 6. Bd2 e5 7. cxd5 e4 8. dxc6 Qxc6 9. Bb5 Qd6 10. Ne5 Be7 11. Nxd7 Bxd7 12. Bxd7+ Qxd7 13. Qa4 Qxa4 14. Nxa4 0-0 15. Rc1 Nd5 16. Ke2 b6 17. Nc3 Nf6 18. Nb5 a6 19. Nc3 Rfe8 20. f3 exf3+ 21. gxf3 h6 22. Rhg1 Bd6 23. Rg2 Nh5 24. Ne4 Bb8 25. Kd3 Ra7 26. Rc6 Kh7 27. Rxb6 a5 28. Rb5 g6 29. Rxh5 Rxe4 30. Rb5 Re8 31. Bxa5 Bd6 32. a3 Rae7 33. Bd2 Rc7 34. e4 Rec8 35. e5 Be7 36. Bc3 Bf8 37. d5 Rd7 38. f4 Rdc7 39. d6 Rd7 40. Rd5 Rc6 41. Bd4 Rc8 42. Rc2 Rb8 43. Rc7 Rbd8 44. Rxd7 Rxd7 45. Rc5 Kg8 46. Rc8 f6 47. e6 Rxd6 48. e7 1-0

[Event "Berlin-ch Seniors op 36th"]
[Site "Berlin"]
[Date "2020.01.29"]
[Round "2.16"]
[White "Hahlbohm, Matthias"]
[Black "Hohn, August"]
[Result "1/2-1/2"]
[WhiteElo "2016"]
[BlackElo "1808"]
[PlyCount "38"]
[EventDate "2020.01.28"]
[EventType "swiss"]
[EventRounds "9"]
[EventCountry "GER"]
[SourceTitle "EXT 2024"]
[Source "ChessBase"]
[SourceDate "2023.10.10"]
[SourceVersion "1"]
[SourceVersionDate "2023.10.10"]
[SourceQuality "1"]

1. e4 c6 2. d4 d5 3. e5 Bf5 4. Bd3 Bxd3 5. Qxd3 e6 6. Nf3 Nd7 7. c3 Be7 8. 0-0 c5 9. b3 Rc8 10. Re1 c4 11. bxc4 Rxc4 12. Nbd2 Rc6 13. Nf1 h5 14. h3 Nh6 15. Bxh6 Rxh6 16. Ng3 Qc7 17. Ne2 Nb6 18. Rab1 Nc4 19. Rb3 Na5 1/2-1/2

[Event "Berlin Lichtenrade op 15th"]
[Site "Berlin"]
[Date "2019.10.12"]
[Round "1"]
[White "Starostits, Ilmars"]
[Black "Hohn, August"]
[Result "1-0"]
[WhiteElo "2479"]
[BlackElo "1832"]
[PlyCount "81"]
[EventDate "2019.10.12"]
[EventType "swiss"]
[EventRounds "9"]
[EventCountry "GER"]
[SourceTitle "CBM 192 Extra"]
[Source "Chessbase"]
[SourceDate "2019.11.06"]
[SourceVersion "1"]
[SourceVersionDate "2019.11.06"]
[SourceQuality "1"]

1. e4 c6 2. d4 d5 3. Nc3 e6 4. Nf3 Nf6 5. Bd3 dxe4 6. Nxe4 Nxe4 7. Bxe4 Nd7 8. Qe2 Nf6 9. Bd3 Be7 10. Bd2 b6 11. g4 Qc7 12. c4 Bb7 13. Rg1 0-0-0 14. 0-0-0 c5 15. Ne5 Bd6 16. g5 cxd4 17. gxf6 Bxe5 18. fxg7 Rhg8 19. f4 Bf6 20. f5 Rde8 21. fxe6 fxe6 22. Qh5 Bxg7 23. Rdf1 Ref8 24. Rxf8+ Rxf8 25. Qxh7 Be5 26. Qh6 Re8 27. Qg6 Bc6 28. h4 Bf4 29. h5 Bxd2+ 30. Kxd2 Qf4+ 31. Kc2 Rh8 32. Qxe6+ Bd7 33. Rg8+ Rxg8 34. Qxg8+ Kc7 35. Qh7 Qf2+ 36. Kb3 a5 37. a3 Qf3 38. h6 Kc8 39. Qh8+ Kb7 40. Qxd4 Bf5 41. Kc3 1-0

[Event "Berlin-ch QT"]
[Site "Berlin"]
[Date "2018.04.05"]
[Round "6"]
[White "Kostanyan, Hakob"]
[Black "Hohn, August"]
[Result "1-0"]
[WhiteElo "1839"]
[BlackElo "1838"]
[PlyCount "51"]
[EventDate "2018.03.31"]
[EventType "swiss"]
[EventRounds "9"]
[EventCountry "GER"]
[SourceTitle "EXT 2020"]
[Source "ChessBase"]
[SourceDate "2019.10.17"]
[SourceVersion "1"]
[SourceVersionDate "2019.10.17"]
[SourceQuality "1"]

1. e4 c6 2. d4 d5 3. Nc3 dxe4 4. Nxe4 Nd7 5. Nf3 Ngf6 6. Ng3 Qc7 7. Bd3 e6 8. c4 Bd6 9. Bd2 0-0 10. Qc2 a5 11. 0-0-0 Bf4 12. Nf1 Rd8 13. g3 Bxd2+ 14. Qxd2 b5 15. Ne3 bxc4 16. Bxc4 Ba6 17. Bxa6 Rxa6 18. Qd3 Rb6 19. h4 Rb5 20. Rd2 Rdb8 21. Rc2 Qa7 22. Nc4 Rd5 23. Re1 Qa6 24. Qa3 Nb6 25. Nce5 Rc8 26. Qe7 1-0

[Event "Berlin-ch Seniors op 34th"]
[Site "Berlin"]
[Date "2018.02.08"]
[Round "9"]
[White "Paul, Reinhart"]
[Black "Hohn, August"]
[Result "1/2-1/2"]
[WhiteElo "2006"]
[BlackElo "1784"]
[PlyCount "43"]
[EventDate "2018.01.30"]
[EventType "swiss"]
[EventRounds "9"]
[EventCountry "GER"]
[SourceTitle "EXT 2020"]
[Source "ChessBase"]
[SourceDate "2019.10.17"]
[SourceVersion "1"]
[SourceVersionDate "2019.10.17"]
[SourceQuality "1"]

1. e4 c6 2. d4 d5 3. exd5 cxd5 4. Bd3 Nf6 5. h3 Nc6 6. Nf3 e6 7. c3 Bd7 8. Bf4 Qb6 9. Qb3 Qxb3 10. axb3 Rc8 11. 0-0 Be7 12. b4 a6 13. b5 axb5 14. Bxb5 Ne4 15. Nbd2 Bd6 16. Be3 Nxd2 17. Bxd2 0-0 18. Ra4 Ra8 19. Rfa1 Rxa4 20. Rxa4 Rb8 21. b3 Kf8 22. Kf1 1/2-1/2

[Event "Berlin-ch Seniors op 34th"]
[Site "Berlin"]
[Date "2018.02.03"]
[Round "5"]
[White "Fiedler, Wolfgang2222"]
[Black "Hohn, August"]
[Result "0-1"]
[WhiteElo "1892"]
[BlackElo "1784"]
[PlyCount "70"]
[EventDate "2018.01.30"]
[EventType "swiss"]
[EventRounds "9"]
[EventCountry "GER"]
[SourceTitle "EXT 2020"]
[Source "ChessBase"]
[SourceDate "2019.10.17"]
[SourceVersion "1"]
[SourceVersionDate "2019.10.17"]
[SourceQuality "1"]

1. e4 c6 2. Nf3 d5 3. e5 Bg4 4. h3 Bxf3 5. Qxf3 e6 6. d4 c5 7. c3 Nc6 8. Qd1 Qb6 9. Be2 cxd4 10. 0-0 Nxe5 11. cxd4 Nc6 12. Nc3 Nf6 13. Be3 Be7 14. Na4 Qc7 15. Qc2 Rc8 16. Rfc1 0-0 17. Qd1 Ne4 18. Nc5 Bxc5 19. dxc5 f5 20. Bf3 f4 21. Bd2 Ne5 22. Bxe4 dxe4 23. Qb3 Rf6 24. Re1 Nd3 25. Rxe4 Nxc5 26. Qf3 Nxe4 27. Qxe4 Qc6 28. Qe1 Rg6 29. Qf1 e5 30. Re1 Rd8 31. Ba5 Rd3 32. Kh2 e4 33. f3 Rd5 34. Rxe4 Rxa5 35. Qe1 Rf5 0-1

[Event "Berlin-ch Seniors op 34th"]
[Site "Berlin"]
[Date "2018.02.02"]
[Round "4"]
[White "Hohn, August"]
[Black "Bauder, Herbert"]
[Result "1/2-1/2"]
[WhiteElo "1784"]
[BlackElo "1887"]
[PlyCount "50"]
[EventDate "2018.01.30"]
[EventType "swiss"]
[EventRounds "9"]
[EventCountry "GER"]
[SourceTitle "EXT 2020"]
[Source "ChessBase"]
[SourceDate "2019.10.17"]
[SourceVersion "1"]
[SourceVersionDate "2019.10.17"]
[SourceQuality "1"]

1. c4 c5 2. Nc3 Nc6 3. g3 g6 4. Bg2 Bg7 5. Nf3 e5 6. 0-0 Nge7 7. e3 0-0 8. b3 d6 9. Bb2 h6 10. d4 exd4 11. exd4 Nxd4 12. Nxd4 Bxd4 13. Qd2 Kh7 14. Ne4 Nf5 15. Rad1 Bxb2 16. Qxb2 Nd4 17. Rxd4 cxd4 18. Qxd4 f5 19. Nxd6 Qf6 20. Qc5 f4 21. Re1 f3 22. Qc7+ Kg8 23. Ne8 Qc3 24. Re7 fxg2 25. Rg7+ Kh8 1/2-1/2

[Event "Berlin-ch QT"]
[Site "Berlin"]
[Date "2017.04.15"]
[Round "7"]
[White "Reck, Jessica"]
[Black "Hohn, August"]
[Result "1/2-1/2"]
[WhiteElo "1692"]
[BlackElo "1897"]
[PlyCount "36"]
[EventDate "2017.04.09"]
[EventType "swiss"]
[EventRounds "9"]
[EventCountry "GER"]
[SourceTitle "CBM 189 Extra"]
[Source "ChessBase"]
[SourceDate "2019.06.03"]
[SourceVersion "1"]
[SourceVersionDate "2019.06.03"]
[SourceQuality "1"]

1. e4 c6 2. d4 d5 3. Nc3 dxe4 4. Nxe4 Nd7 5. Nf3 Ngf6 6. Nxf6+ Nxf6 7. Bc4 Nd5 8. c3 Bg4 9. 0-0 e6 10. Qd3 Bf5 11. Qe2 Bd6 12. Ne5 Bxe5 13. Qxe5 Qf6 14. Qg3 h6 15. Re1 Qg6 16. Bxd5 cxd5 17. Qf3 Be4 18. Qh3 Bf5 1/2-1/2

[Event "Berlin-ch Seniors op 33rd"]
[Site "Berlin"]
[Date "2017.02.07"]
[Round "7"]
[White "Jaeger, Andre"]
[Black "Hohn, August"]
[Result "1/2-1/2"]
[WhiteElo "1945"]
[BlackElo "1855"]
[PlyCount "34"]
[EventDate "2017.01.31"]
[EventType "swiss"]
[EventRounds "9"]
[EventCountry "GER"]
[SourceTitle "EXT 2019"]
[Source "ChessBase"]
[SourceDate "2018.10.10"]
[SourceVersion "1"]
[SourceVersionDate "2018.10.10"]
[SourceQuality "1"]

1. d4 Nf6 2. c4 e6 3. Nc3 Bb4 4. f3 c5 5. d5 exd5 6. cxd5 d6 7. e4 0-0 8. Bd3 Re8 9. Nge2 Nbd7 10. 0-0 a6 11. a3 Bxc3 12. bxc3 Ne5 13. c4 b5 14. Qc2 bxc4 15. Bxc4 Nxc4 16. Qxc4 a5 17. Bg5 h6 1/2-1/2

[Event "Berlin-ch Seniors op 33rd"]
[Site "Berlin"]
[Date "2017.02.01"]
[Round "2"]
[White "Hohn, August"]
[Black "Kreutzkamp, Hans Rudolf"]
[Result "1/2-1/2"]
[WhiteElo "1855"]
[BlackElo "2137"]
[PlyCount "32"]
[EventDate "2017.01.31"]
[EventType "swiss"]
[EventRounds "9"]
[EventCountry "GER"]
[SourceTitle "EXT 2019"]
[Source "ChessBase"]
[SourceDate "2018.10.10"]
[SourceVersion "1"]
[SourceVersionDate "2018.10.10"]
[SourceQuality "1"]

1. c4 Nf6 2. Nc3 e5 3. Nf3 Nc6 4. g3 Bc5 5. Nxe5 Bxf2+ 6. Kxf2 Nxe5 7. e4 c5 8. d4 cxd4 9. Qxd4 Nc6 10. Qd6 Qe7 11. Qxe7+ Nxe7 12. Be2 0-0 13. Bg5 Nc6 14. Bxf6 gxf6 15. Rad1 a6 16. Rd6 b6 1/2-1/2

[Event "Berlin Kreuzberg op"]
[Site "Berlin"]
[Date "2016.07.19"]
[Round "4"]
[White "Zahn, Benno"]
[Black "Hohn, August"]
[Result "1-0"]
[WhiteElo "2105"]
[BlackElo "1864"]
[PlyCount "43"]
[EventDate "2016.07.16"]
[EventType "swiss"]
[EventRounds "9"]
[EventCountry "GER"]
[SourceTitle "CBM 173 Extra"]
[Source "ChessBase"]
[SourceDate "2016.08.29"]
[SourceVersion "1"]
[SourceVersionDate "2016.08.29"]
[SourceQuality "1"]

1. e4 c6 2. d4 d5 3. Nd2 dxe4 4. Nxe4 Nf6 5. Nxf6+ exf6 6. c3 Bd6 7. Bd3 0-0 8. Ne2 Qc7 9. Qc2 h6 10. h3 Re8 11. Be3 Nd7 12. 0-0 Nf8 13. Rfe1 b6 14. c4 Ne6 15. c5 bxc5 16. dxc5 Be7 17. Rac1 a5 18. Qa4 Ba6 19. Bb1 Bxe2 20. Qc2 Nf8 21. Rxe2 Rab8 22. Rce1 1-0

[Event "Berlin Kreuzberg op"]
[Site "Berlin"]
[Date "2016.07.17"]
[Round "2"]
[White "Hohn, August"]
[Black "Shapiro, Yosip"]
[Result "0-1"]
[WhiteElo "1864"]
[BlackElo "2099"]
[PlyCount "94"]
[EventDate "2016.07.16"]
[EventType "swiss"]
[EventRounds "9"]
[EventCountry "GER"]
[SourceTitle "CBM 173 Extra"]
[Source "ChessBase"]
[SourceDate "2016.08.29"]
[SourceVersion "1"]
[SourceVersionDate "2016.08.29"]
[SourceQuality "1"]

1. c4 c5 2. g3 g6 3. Bg2 Bg7 4. e3 Nc6 5. Ne2 e5 6. 0-0 Nge7 7. d3 d6 8. Nbc3 0-0 9. a3 Rb8 10. Rb1 Be6 11. b4 cxb4 12. axb4 b6 13. Nd5 a5 14. Nec3 Bxd5 15. cxd5 Nxb4 16. Ba3 Na6 17. Nb5 Nc5 18. d4 exd4 19. exd4 Nb7 20. Na7 Qc7 21. Qd2 Qc4 22. Nc6 Rbe8 23. Rxb6 Nxd5 24. Rxb7 Qxc6 25. Rfb1 Qc3 26. Qc1 Qxd4 27. Bxd5 Qxd5 28. Qc7 Be5 29. Bb2 a4 30. Bxe5 Qxe5 31. Ra7 Ra8 32. Rxa8 Rxa8 33. Qc6 Qe8 34. Qxd6 a3 35. Qd5 a2 36. Ra1 Qa4 37. Kg2 Ra5 38. Qd8+ Kg7 39. Qd3 h5 40. Qc3+ Kh7 41. h4 Ra7 42. Qf3 Qc4 43. Qf6 Rb7 44. Rd1 Qe6 45. Qc3 Rb1 46. Rd8 Qe4+ 47. Kh2 Rh1# 0-1

[Event "Berlin-ch Seniors op 32nd"]
[Site "Berlin"]
[Date "2016.02.02"]
[Round "7"]
[White "Hohn, August"]
[Black "Hirr, Rudi"]
[Result "1/2-1/2"]
[WhiteElo "1909"]
[BlackElo "1745"]
[PlyCount "45"]
[EventDate "2016.01.26"]
[EventType "swiss"]
[EventRounds "9"]
[EventCountry "GER"]
[SourceTitle "EXT 2019"]
[Source "ChessBase"]
[SourceDate "2018.10.10"]
[SourceVersion "1"]
[SourceVersionDate "2018.10.10"]
[SourceQuality "1"]

1. c4 e5 2. Nc3 Nf6 3. Nf3 Nc6 4. g3 Bb4 5. Bg2 d6 6. 0-0 0-0 7. d4 exd4 8. Nxd4 Nxd4 9. Qxd4 Bxc3 10. Qxc3 Re8 11. Qc2 Qe7 12. Re1 Rb8 13. Be3 b6 14. Rad1 Qe5 15. Bd4 Qg5 16. Bxf6 Qxf6 17. Qa4 Be6 18. Qxa7 Qxb2 19. Qxc7 Qxa2 20. Rxd6 Qxc4 21. Rc6 Qb4 22. Rec1 b5 23. Qa7 1/2-1/2

[Event "Berlin-ch Seniors op 32nd"]
[Site "Berlin"]
[Date "2016.02.01"]
[Round "6"]
[White "Kranch, Klaus"]
[Black "Hohn, August"]
[Result "1/2-1/2"]
[WhiteElo "1756"]
[BlackElo "1909"]
[PlyCount "25"]
[EventDate "2016.01.26"]
[EventType "swiss"]
[EventRounds "9"]
[EventCountry "GER"]
[SourceTitle "EXT 2019"]
[Source "ChessBase"]
[SourceDate "2018.10.10"]
[SourceVersion "1"]
[SourceVersionDate "2018.10.10"]
[SourceQuality "1"]

1. d4 d5 2. c4 c6 3. Nc3 Nf6 4. Nf3 e6 5. Bg5 h6 6. Bh4 Nbd7 7. e3 Qa5 8. cxd5 exd5 9. Bd3 Bb4 10. Qc2 0-0 11. 0-0 Re8 12. Nd2 Bd6 13. Bg3 1/2-1/2

[Event "Berlin Kreuzberg op"]
[Site "Berlin"]
[Date "2015.07.14"]
[Round "4"]
[White "Hohn, August"]
[Black "Kopisch, Martin"]
[Result "0-1"]
[WhiteElo "1908"]
[BlackElo "2139"]
[PlyCount "92"]
[EventDate "2015.07.11"]
[EventType "swiss"]
[EventRounds "9"]
[EventCountry "GER"]
[SourceTitle "CBM 167 Extra"]
[Source "ChessBase"]
[SourceDate "2015.09.14"]
[SourceVersion "1"]
[SourceVersionDate "2015.09.14"]
[SourceQuality "1"]

1. c4 c5 2. g3 Nc6 3. Bg2 g6 4. Nf3 Bg7 5. 0-0 e5 6. Nc3 d6 7. d3 Nge7 8. e3 0-0 9. Qc2 h6 10. a3 Be6 11. Rd1 Qd7 12. Rb1 Rad8 13. b4 b6 14. b5 Nb8 15. a4 d5 16. cxd5 Nxd5 17. Nxd5 Bxd5 18. Bb2 Qe6 19. Qc3 Rfe8 20. Rd2 Re7 21. e4 Bb7 22. a5 Qd6 23. Rbd1 Nd7 24. Ne1 g5 25. Nc2 Bc8 26. Ne3 Nf8 27. Nd5 Ree8 28. axb6 axb6 29. Ra1 Be6 30. Ne3 Qd7 31. Nc4 Qxb5 32. f4 Bxc4 33. dxc4 Qc6 34. Rd5 Rxd5 35. exd5 Qd6 36. Re1 gxf4 37. gxf4 Ng6 38. Qg3 Nxf4 39. Qxf4 exf4 40. Rxe8+ Bf8 41. Be5 Qd7 42. Rb8 Qg4 43. Kf2 Qh4+ 44. Kf1 Qe7 45. d6 Qxe5 46. d7 Qxb8 0-1

[Event "Berlin Kreuzberg op"]
[Site "Berlin"]
[Date "2015.07.12"]
[Round "2"]
[White "Hohn, August"]
[Black "Hovsepyan, Vardan"]
[Result "0-1"]
[WhiteElo "1908"]
[BlackElo "2115"]
[PlyCount "30"]
[EventDate "2015.07.11"]
[EventType "swiss"]
[EventRounds "9"]
[EventCountry "GER"]
[SourceTitle "CBM 167 Extra"]
[Source "ChessBase"]
[SourceDate "2015.09.14"]
[SourceVersion "1"]
[SourceVersionDate "2015.09.14"]
[SourceQuality "1"]

1. c4 f5 2. Nf3 Nf6 3. g3 b6 4. Bg2 Bb7 5. Qc2 g6 6. 0-0 Bg7 7. Nc3 d6 8. Nd4 Bxg2 9. Ne6 Qd7 10. Nxg7+ Kf7 11. Kxg2 Kxg7 12. d3 Nc6 13. Nd5 Nd4 14. Qc3 Nxe2 15. Nxf6 Qc6+ 0-1

[Event "Berlin-ch QT"]
[Site "Berlin"]
[Date "2015.04.08"]
[Round "6"]
[White "Hahlbohm, Matthias"]
[Black "Hohn, August"]
[Result "1-0"]
[WhiteElo "2053"]
[BlackElo "1924"]
[PlyCount "42"]
[EventDate "2015.04.03"]
[EventType "swiss"]
[EventRounds "9"]
[EventCountry "GER"]
[SourceTitle "EXT 2022"]
[Source "ChessBase"]
[SourceDate "2021.10.06"]
[SourceVersion "1"]
[SourceVersionDate "2021.10.06"]
[SourceQuality "1"]

1. e4 c6 2. d4 d5 3. exd5 cxd5 4. Bd3 Nf6 5. h3 e6 6. Nf3 Be7 7. 0-0 0-0 8. Re1 b6 9. c3 Ba6 10. Bc2 Nc6 11. Nbd2 Na5 12. Ne5 Rc8 13. f4 Nc4 14. Nf1 Nd6 15. Ng3 Bb7 16. f5 Nfe4 17. Nxe4 dxe4 18. fxe6 fxe6 19. Bb3 Bd5 20. Qg4 b5 21. Bxd5 exd5 1-0

[Event "Berlin-ch Seniors op 31st"]
[Site "Berlin"]
[Date "2015.01.31"]
[Round "3"]
[White "Hohn, August"]
[Black "Hirr, Rudi"]
[Result "1-0"]
[WhiteElo "1842"]
[BlackElo "1578"]
[PlyCount "47"]
[EventDate "2015.01.29"]
[EventType "swiss"]
[EventRounds "9"]
[EventCountry "GER"]
[SourceTitle "EXT 2018"]
[Source "ChessBase"]
[SourceDate "2017.10.13"]
[SourceVersion "1"]
[SourceVersionDate "2017.10.13"]
[SourceQuality "1"]

1. c4 e5 2. Nc3 Nf6 3. Nf3 d6 4. d4 Nbd7 5. Bg5 Be7 6. Qc2 b6 7. Rd1 Bb7 8. dxe5 Bxf3 9. exf6 gxf6 10. Bf4 Bb7 11. f3 Ne5 12. e3 Qd7 13. Nb5 a6 14. Nd4 0-0-0 15. Nf5 Nxf3+ 16. gxf3 Bxf3 17. Bh3 Kb8 18. Rf1 Bxd1 19. Kxd1 d5 20. cxd5 Qxd5+ 21. Kc1 Bd6 22. Bxd6 cxd6 23. Ne7 Qh5 24. Nc6+ 1-0

[Event "Berlin Werner Ott op"]
[Site "Berlin"]
[Date "2014.07.13"]
[Round "9"]
[White "Kollberg, Lothar"]
[Black "Hohn, August"]
[Result "1/2-1/2"]
[WhiteElo "2177"]
[BlackElo "1965"]
[PlyCount "27"]
[EventDate "2014.07.05"]
[EventType "swiss"]
[EventRounds "9"]
[EventCountry "GER"]
[SourceTitle "CBM 161 Extra"]
[Source "ChessBase"]
[SourceDate "2014.08.29"]
[SourceVersion "1"]
[SourceVersionDate "2014.08.29"]
[SourceQuality "1"]

1. d4 Nf6 2. c4 e6 3. Nc3 Bb4 4. e3 0-0 5. Bd3 d5 6. Nf3 dxc4 7. Bxc4 c5 8. 0-0 cxd4 9. exd4 Nbd7 10. Qe2 Nb6 11. Bb3 Nbd5 12. Bd2 Bd7 13. Rfe1 b6 14. Rad1 1/2-1/2

[Event "Berlin-ch QT"]
[Site "Berlin"]
[Date "2014.04.27"]
[Round "9"]
[White "Pueschel, Werner"]
[Black "Hohn, August"]
[Result "1/2-1/2"]
[WhiteElo "2103"]
[BlackElo "1950"]
[PlyCount "160"]
[EventDate "2014.04.19"]
[EventType "swiss"]
[EventRounds "9"]
[EventCountry "GER"]
[SourceTitle "EXT 2022"]
[Source "ChessBase"]
[SourceDate "2021.10.06"]
[SourceVersion "1"]
[SourceVersionDate "2021.10.06"]
[SourceQuality "1"]

1. e4 c6 2. d4 d5 3. exd5 cxd5 4. Bd3 Nf6 5. h3 e6 6. c3 Be7 7. Bf4 0-0 8. Nf3 b6 9. 0-0 Ba6 10. Re1 Bxd3 11. Qxd3 Nc6 12. Nbd2 Qd7 13. Ne5 Nxe5 14. dxe5 Nh5 15. Bh2 g6 16. Nf3 Rac8 17. g4 Ng7 18. Bg3 h5 19. Kg2 Qa4 20. Nd4 Qc4 21. Qd2 Kh7 22. Rac1 a6 23. b3 Qc7 24. f3 Ba3 25. Rc2 b5 26. b4 Qc4 27. Re2 a5 28. bxa5 Qa4 29. Nb3 Rc4 30. Qd3 Rfc8 31. Bf2 Be7 32. Nd2 R4c6 33. Nb3 Rc4 34. Bd4 b4 35. cxb4 Bxb4 36. Bb6 Bc3 37. Nc5 Qa3 38. Nd7 Kg8 39. Nf6+ Kf8 40. Qe3 hxg4 41. hxg4 Ne8 42. Qh6+ Ke7 43. Ng8+ Kd7 44. Qh7 Qf8 45. Nh6 Ng7 46. g5 Ke7 47. Ng4 Nf5 48. Qh1 Qh8 49. Qxh8 Rxh8 50. Ne3 Nxe3+ 51. Rxe3 Rhc8 52. f4 Kd7 53. Kf3 d4 54. Rd3 Ra4 55. Ke4 Rcc4 56. Rh2 Bxa5 57. Bxa5 Rxa5 58. a3 Ke7 59. Rb2 Ra7 60. Rb4 Rc1 61. a4 Re1+ 62. Kf3 Rf1+ 63. Kg3 Ra1 64. Rdxd4 Rc7 65. Rdc4 Rd7 66. Kf3 Rf1+ 67. Ke2 Ra1 68. Rd4 Rc7 69. Kd2 Ra2+ 70. Kd3 Ra3+ 71. Ke4 Ra7 72. Rdc4 Rd7 73. Rc8 Ra7 74. a5 R3xa5 75. Rbb8 Ra3 76. Re8+ Kd7 77. Rbd8+ Kc7 78. Rd4 R3a4 79. Re7+ Kb8 80. Re8+ Kc7 1/2-1/2

[Event "Berlin-ch QT"]
[Site "Berlin"]
[Date "2014.04.26"]
[Round "8"]
[White "Hohn, August"]
[Black "Schmidt, Juergen"]
[Result "1-0"]
[WhiteElo "1950"]
[BlackElo "2015"]
[PlyCount "63"]
[EventDate "2014.04.19"]
[EventType "swiss"]
[EventRounds "9"]
[EventCountry "GER"]
[SourceTitle "EXT 2022"]
[Source "ChessBase"]
[SourceDate "2021.10.06"]
[SourceVersion "1"]
[SourceVersionDate "2021.10.06"]
[SourceQuality "1"]

1. c4 Nf6 2. Nc3 e5 3. Nf3 Nc6 4. g3 Bc5 5. Nxe5 Bxf2+ 6. Kxf2 Nxe5 7. e4 Nfg4+ 8. Kg2 d6 9. h3 Nf6 10. d4 Ng6 11. Be2 Qe7 12. Bg5 c6 13. Rf1 Qd7 14. Rh1 Ng8 15. Bg4 Qc7 16. Rf1 h6 17. Be3 Nf6 18. Bxc8 Qxc8 19. Qf3 Qc7 20. Qf5 Ne7 21. Qf2 Ng6 22. Qf5 Ne7 23. Qf2 Ng6 24. c5 dxc5 25. e5 Nh7 26. e6 fxe6 27. dxc5 0-0-0 28. Ne4 Rhf8 29. Qc2 Qe5 30. Nd6+ Rxd6 31. cxd6 Qxe3 32. Qxg6 1-0